Լեռնամետալուրգիական ձեռնարկության արտադրության պլանավորում և կազմակերպում : (Record no. 530882)
[ view plain ]
| 000 -LEADER | |
|---|---|
| fixed length control field | 01962nam a2200277 a 4500 |
| 001 - CONTROL NUMBER | |
| control field | 1950480 |
| 003 - CONTROL NUMBER IDENTIFIER | |
| control field | AM-YEHGA |
| 005 - DATE AND TIME OF LATEST TRANSACTION | |
| control field | 20250617164850.0 |
| 008 - FIXED-LENGTH DATA ELEMENTS--GENERAL INFORMATION | |
| fixed length control field | 240426s2024 ai d||||||||||||||0|arm|d |
| 020 ## - INTERNATIONAL STANDARD BOOK NUMBER | |
| International Standard Book Number | 9789939792040 |
| 040 ## - CATALOGING SOURCE | |
| Original cataloging agency | AM-YeHGA |
| 041 0# - LANGUAGE CODE | |
| Language code of text/sound track or separate title | arm |
| 090 ## - LOCALLY ASSIGNED LC-TYPE CALL NUMBER (OCLC); LOCAL CALL NUMBER (RLIN) | |
| -- | 569620 |
| 100 1# - MAIN ENTRY--PERSONAL NAME | |
| Personal name | Եղիազարյան, Լիլիթ Գարսևանի |
| 245 10 - TITLE STATEMENT | |
| Title | Լեռնամետալուրգիական ձեռնարկության արտադրության պլանավորում և կազմակերպում : |
| Remainder of title | Ուսումնական ձեռնարկ / |
| Statement of responsibility, etc. | Լ.Գ. Եղիազարյան ; [Խմբագիր՝ Ն.Ա. Խաչատրյան] ; Գրախոսներ՝ Վ.Վ. Մարտիրոսյան, Ս.Ս. Մարտիրոսյան ; ՀՀ կրթության և գիտության մշակույթի և սպորտի նախարարություն, Հայաստանի ազգային պոլիտեխնիկական համալսարան, Կապանի մասնաճյուղ, «Ճյուղային տնտեսագիտություն և կառավարում» ամբիոն. |
| 260 ## - PUBLICATION, DISTRIBUTION, ETC. | |
| Place of publication, distribution, etc. | Երևան : |
| Name of publisher, distributor, etc. | Ճարտարագետ, |
| Date of publication, distribution, etc. | 2024. |
| 300 ## - PHYSICAL DESCRIPTION | |
| Extent | 152 էջ : |
| Other physical details | աղյուսակ ; |
| Dimensions | 20 սմ. |
| 504 ## - BIBLIOGRAPHY, ETC. NOTE | |
| Bibliography, etc. note | Գրականություն՝ էջ 149-150: |
| 650 14 - SUBJECT ADDED ENTRY--TOPICAL TERM | |
| Topical term or geographic name entry element | Ձեռնարկությունների տնտեսագիտություն |
| Form subdivision | Ուսումնական ձեռնարկներ |
| 650 14 - SUBJECT ADDED ENTRY--TOPICAL TERM | |
| Topical term or geographic name entry element | Լեռնամետալուրգիական արտադրություն |
| General subdivision | Կազմակերպման հիմնական սկզբունքները |
| Form subdivision | Ձեռնարկներ |
| 700 1# - ADDED ENTRY--PERSONAL NAME | |
| Personal name | Խաչատրյան, Ն.Ա. |
| Relator term | խմբագիր |
| Relationship | edt |
| 700 1# - ADDED ENTRY--PERSONAL NAME | |
| Personal name | Մարտիրոսյան, Վ.Վ. |
| Relator term | գրախոս |
| Relationship | rev |
| 700 1# - ADDED ENTRY--PERSONAL NAME | |
| Personal name | Մարտիրոսյան, Ս.Ս. |
| Relator term | գրախոս |
| Relationship | rev |
| 710 1# - ADDED ENTRY--CORPORATE NAME | |
| Corporate name or jurisdiction name as entry element | Հայաստանի ազգային պոլիտեխնիկական համալսարան : |
| Subordinate unit | Կապանի մասնաճյուղ, |
| -- | «Ճյուղային տնտեսագիտություն և կառավարում» ամբիոն |
| 942 ## - ADDED ENTRY ELEMENTS (KOHA) | |
| Source of classification or shelving scheme | Universal Decimal Classification |
| Koha item type | Գրքեր / Books |
| Withdrawn status | Lost status | Source of classification or shelving scheme | Damaged status | Not for loan | Collection | Home library | Current library | Date acquired | Total checkouts | Full call number | Barcode | Date last seen | Price effective from | Koha item type | Public note |
|---|---|---|---|---|---|---|---|---|---|---|---|---|---|---|---|
| Universal Decimal Classification | General | Fundamental Scientific Library | Fundamental Scientific Library | 24/07/2024 | AII/112032 | FL0683508 | 24/07/2024 | 24/07/2024 | Գրքեր / Books | 30 Days Loan | |||||
| Universal Decimal Classification | General | Fundamental Scientific Library | Fundamental Scientific Library | 24/07/2024 | AII/112031 | FL0683507 | 24/07/2024 | 24/07/2024 | Գրքեր / Books | 30 Days Loan |
ՀՀ Գիտությունների ազգային ակադեմիայի հիմնարար գիտական գրադարան = Fundamental Scientific Library of NAS RA
All site content, except where otherwise noted, is licensed under a